000 00772nam a2200217 i 4500
001 120867
003 ES-MaACL
005 20260115175630.0
007 t|
008 070214s1918 sp r ||||1| cat d
100 1 _aPrat de la Riba, Enric,
_d1870-1917
_993674
245 1 0 _aNacionalisme
_b: textos extrets dels seus llibres, escrits i discursos /
_cEnrique Prat de la Riba ; tria, sistematització i proleg de A. Rovira i Virgili.
260 _aBarcelona :
_bEd. Catalana,
_c1918.
300 _a154 p. ;
_c16 cm.
490 1 _aEnciclopedia catalana ;
_v6
650 4 _aNacionalismo-
_xCataluña.
_915442
700 1 _aRovira i Virgili, A.
_9100148
830 0 _aEnciclopedia Catalana
_v6
_9181584
852 _aES-MaACL
_jB-13264
999 _c120867
_d120867